[Event "Subotica-ch op"]
[Site "Subotica"]
[Date "2017.03.10"]
[Round "8"]
[White "Meszaros, Bela"]
[Black "Pardic, Oliver"]
[Result "0-1"]
[WhiteElo "2203"]
[BlackElo "2154"]
[PlyCount "82"]
[EventDate "2017.02.22"]
[EventType "swiss"]
[EventRounds "9"]
[EventCountry "SRB"]
[SourceTitle "CBM 177 Extra"]
[Source "ChessBase"]
[SourceDate "2017.04.27"]
[SourceVersion "1"]
[SourceVersionDate "2017.04.27"]
[SourceQuality "1"]

1. d4 e5 2. dxe5 Nc6 3. Nf3 d5 4. Bg5 Be7 5. Bf4 f6 6. Qd2 Bg4 7. exf6 Nxf6 8. Nc3 0-0 9. e3 Bb4 10. 0-0-0 Ne4 11. Qe1 Bxc3 12. bxc3 Qf6 13. Kb2 b5 14. h3 b4 15. hxg4 bxc3+ 16. Ka1 Nb4 17. Bd3 Nxa2 18. Rb1 Rab8 19. Qe2 Qc6 20. Bb5 Qc5 21. Kxa2 a6 22. Rb3 axb5 23. Ra1 Ra8+ 24. Kb1 Rxa1+ 25. Kxa1 Ra8+ 26. Kb1 Qa7 27. Kc1 Qa1+ 28. Rb1 c6 29. Be5 Qa3+ 30. Kd1 Qb2 31. Qxb5 Qxb5 32. Rxb5 cxb5 33. Ke2 Ra1 34. Nd4 b4 35. f3 Nc5 36. Bd6 b3 37. cxb3 Ra2+ 38. Kd1 Rd2+ 39. Kc1 Nd3+ 40. Kb1 Rb2+ 41. Ka1 c2 0-1

[Event "Subotica-ch op"]
[Site "Subotica"]
[Date "2017.03.08"]
[Round "7"]
[White "Pardic, Oliver"]
[Black "Nadj, Zoltan"]
[Result "1-0"]
[WhiteElo "2154"]
[BlackElo "2082"]
[PlyCount "95"]
[EventDate "2017.02.22"]
[EventType "swiss"]
[EventRounds "9"]
[EventCountry "SRB"]
[SourceTitle "CBM 177 Extra"]
[Source "ChessBase"]
[SourceDate "2017.04.27"]
[SourceVersion "1"]
[SourceVersionDate "2017.04.27"]
[SourceQuality "1"]

1. d4 Nf6 2. Bg5 Ne4 3. Bf4 c5 4. f3 Nf6 5. d5 d6 6. e4 g6 7. Nc3 Bg7 8. Qd2 a6 9. a4 Qa5 10. Ra3 Nbd7 11. Nge2 Rb8 12. Bh6 Bxh6 13. Qxh6 Qc7 14. Nf4 Ne5 15. Be2 Rg8 16. h4 Ned7 17. 0-0 c4 18. Kh1 Nf8 19. a5 b5 20. axb6 Qxb6 21. Ra4 Qe3 22. Qg5 h6 23. Qg3 g5 24. Nh3 gxh4 25. Qxh4 Bxh3 26. gxh3 Ng6 27. Qf2 Qxf2 28. Rxf2 Nf4 29. Bxc4 Rg3 30. Rxa6 Rxb2 31. Bf1 Kf8 32. Kh2 N6h5 33. Ra8+ Kg7 34. Ra7 Kf6 35. e5+ Kxe5 36. Rxe7+ Kf6 37. Rd7 Ke5 38. Rxf7 Rg6 39. Rf8 Nf6 40. Ne4 N6xd5 41. Re8+ Re6 42. Rxe6+ Kxe6 43. Bc4 Ke5 44. Bxd5 Nxd5 45. Kg3 Ne3 46. c3 Rxf2 47. Kxf2 d5 48. Kxe3 1-0

[Event "Subotica-ch op"]
[Site "Subotica"]
[Date "2017.02.24"]
[Round "2"]
[White "Bicskei, Mihaly"]
[Black "Pardic, Oliver"]
[Result "0-1"]
[WhiteElo "1853"]
[BlackElo "2154"]
[PlyCount "78"]
[EventDate "2017.02.22"]
[EventType "swiss"]
[EventRounds "9"]
[EventCountry "SRB"]
[SourceTitle "CBM 177 Extra"]
[Source "ChessBase"]
[SourceDate "2017.04.27"]
[SourceVersion "1"]
[SourceVersionDate "2017.04.27"]
[SourceQuality "1"]

1. e4 Nc6 2. d4 d5 3. Nc3 e5 4. Nf3 dxe4 5. Nxe5 Qxd4 6. Nxc6 Qxd1+ 7. Nxd1 bxc6 8. Bc4 Bb4+ 9. c3 Bd6 10. 0-0 Ne7 11. Re1 Bf5 12. Ne3 Bg6 13. Bb3 0-0 14. Nc4 Kh8 15. Bg5 f6 16. Nxd6 cxd6 17. Bf4 Rfd8 18. Rad1 d5 19. f3 Re8 20. Kf2 Rad8 21. Be3 exf3 22. gxf3 a6 23. Ba4 Rc8 24. Bc5 Nf5 25. b4 Kg8 26. Bc2 Nh4 27. Rxe8+ Rxe8 28. Bxg6 Nxg6 29. a4 Nf4 30. Rd2 Kf7 31. a5 g5 32. Rc2 Nd3+ 33. Kg3 Nxc5 34. bxc5 Rb8 35. c4 dxc4 36. Rxc4 Rb5 37. h4 Rxa5 38. hxg5 fxg5 39. Kg4 Kg6 0-1

[Event "Subotica-ch op"]
[Site "Subotica"]
[Date "2016.03.02"]
[Round "5"]
[White "Jovanovic, Milan B"]
[Black "Pardic, Oliver"]
[Result "1/2-1/2"]
[WhiteElo "2017"]
[BlackElo "2188"]
[PlyCount "111"]
[EventDate "2016.02.22"]
[EventType "swiss"]
[EventRounds "9"]
[EventCountry "SRB"]
[SourceTitle "CBM 171 Extra"]
[Source "ChessBase"]
[SourceDate "2016.04.26"]
[SourceVersion "1"]
[SourceVersionDate "2016.04.26"]
[SourceQuality "1"]

1. d4 Nc6 2. d5 Ne5 3. Nc3 e6 4. dxe6 fxe6 5. e4 Bb4 6. Qd4 Bxc3+ 7. Qxc3 Qf6 8. Qxc7 Ne7 9. Nh3 N7c6 10. f4 0-0 11. fxe5 Qh4+ 12. Kd2 d6 13. Bd3 Nxe5 14. Kc3 Nxd3 15. cxd3 e5 16. Bg5 Qh5 17. Be7 Re8 18. Kb4 Qe2 19. b3 a5+ 20. Ka4 b5+ 21. Kxb5 Qxd3+ 22. Ka4 Qd4+ 23. Ka3 Qb4+ 24. Kb2 Qd2+ 25. Qc2 Qxc2+ 26. Kxc2 Bxh3 27. gxh3 Rxe7 28. Rhd1 Ra6 29. Rd5 Kf7 30. Rad1 Ke6 31. Kb2 Rf7 32. Ka3 Rf4 33. Ka4 Rxe4+ 34. Kb5 Ra8 35. Rxd6+ Kf5 36. Rf1+ Rf4 37. Re1 Rb4+ 38. Kc6 Ra6+ 39. Kc5 Rxd6 40. Kxd6 Rd4+ 41. Kc5 Rd2 42. Rf1+ Ke6 43. a3 Rxh2 44. Rf3 e4 45. Rg3 g6 46. Kb5 Kf5 47. Kxa5 Kf4 48. Rg4+ Kf3 49. Rh4 h5 50. b4 Rb2 51. b5 Rb1 52. b6 e3 53. Rb4 Rxb4 54. axb4 e2 55. b7 e1Q 56. b8Q 1/2-1/2

[Event "Subotica-ch"]
[Site "Subotica"]
[Date "2015.02.23"]
[Round "4"]
[White "Pardic, Oliver"]
[Black "Solymosi, Andras"]
[Result "1/2-1/2"]
[WhiteElo "2210"]
[BlackElo "1957"]
[PlyCount "49"]
[EventDate "2015.02.16"]
[EventType "swiss"]
[EventRounds "9"]
[EventCountry "SRB"]
[SourceTitle "CBM 165 Extra"]
[Source "ChessBase"]
[SourceDate "2015.04.21"]
[SourceVersion "1"]
[SourceVersionDate "2015.04.21"]
[SourceQuality "1"]

1. e4 c5 2. f4 e6 3. d3 d5 4. Nc3 Nc6 5. Nf3 dxe4 6. Nxe4 Nf6 7. Bd2 Be7 8. g3 0-0 9. Bg2 c4 10. Nxf6+ Bxf6 11. Bc3 Bxc3+ 12. bxc3 Ne7 13. Ne5 cxd3 14. cxd3 f6 15. Nc4 Nd5 16. Qd2 Bd7 17. 0-0 Bc6 18. Rfe1 Re8 19. Re2 Nb6 20. Ne3 Bxg2 21. Kxg2 e5 22. Rae1 exf4 23. gxf4 Nd5 24. Nxd5 Qxd5+ 25. Kg1 1/2-1/2

[Event "Subotica-ch"]
[Site "Subotica"]
[Date "2015.02.16"]
[Round "1"]
[White "Bosnjak, Slobodan"]
[Black "Pardic, Oliver"]
[Result "0-1"]
[WhiteElo "1851"]
[BlackElo "2210"]
[PlyCount "29"]
[EventDate "2015.02.16"]
[EventType "swiss"]
[EventRounds "9"]
[EventCountry "SRB"]
[SourceTitle "CBM 165 Extra"]
[Source "ChessBase"]
[SourceDate "2015.04.21"]
[SourceVersion "1"]
[SourceVersionDate "2015.04.21"]
[SourceQuality "1"]

1. e4 Nc6 2. d4 d5 3. e5 f6 4. exf6 Nxf6 5. Be2 e5 6. dxe5 Nxe5 7. Nf3 Bd6 8. Nxe5 Bxe5 9. Bg5 g6 10. Bf3 0-0 11. 0-0 Qd6 12. g3 Bh3 13. Re1 Rae8 14. c3 Rf7 15. Bh1 0-1

[Event "Vojvodina-ch 5th"]
[Site "Novi Sad"]
[Date "2014.07.17"]
[Round "7"]
[White "Ratic, Zoran"]
[Black "Pardic, Oliver"]
[Result "0-1"]
[WhiteElo "1918"]
[BlackElo "2242"]
[PlyCount "60"]
[EventDate "2014.07.12"]
[EventType "swiss"]
[EventRounds "9"]
[EventCountry "YUG"]
[SourceTitle "CBM 161 Extra"]
[Source "ChessBase"]
[SourceDate "2014.08.29"]
[SourceVersion "1"]
[SourceVersionDate "2014.08.29"]
[SourceQuality "1"]

1. Nf3 Nc6 2. d4 d5 3. c4 Bg4 4. cxd5 Bxf3 5. dxc6 Bxc6 6. Nc3 e6 7. a3 Qh4 8. e4 0-0-0 9. g3 Qf6 10. Be3 Bc5 11. d5 Bxe3 12. fxe3 Ne7 13. Bc4 Qe5 14. Qg4 f5 15. Qg5 exd5 16. exd5 Bxd5 17. Bxd5 Nxd5 18. Nxd5 Rxd5 19. 0-0 Qxb2 20. Rae1 Qe5 21. Rf3 Rhd8 22. Ref1 g6 23. Qh4 R8d7 24. g4 Qe4 25. h3 b6 26. Qf6 Kb7 27. gxf5 gxf5 28. Kf2 R7d6 29. Qf7 Rd2+ 30. Kg1 Rg6+ 0-1

[Event "Subotica-ch"]
[Site "Subotica"]
[Date "2014.02.28"]
[Round "5"]
[White "Nadj Hedjesi, Balind"]
[Black "Pardic, Oliver"]
[Result "1-0"]
[WhiteElo "2397"]
[BlackElo "2258"]
[PlyCount "123"]
[EventDate "2014.02.19"]
[EventType "swiss"]
[EventRounds "9"]
[EventCountry "SRB"]
[SourceTitle "CBM 159 Extra"]
[Source "ChessBase"]
[SourceDate "2014.04.24"]
[SourceVersion "1"]
[SourceVersionDate "2014.04.24"]
[SourceQuality "1"]

1. e4 e5 2. Nf3 Nc6 3. Bc4 f5 4. d4 fxe4 5. Nxe5 Nf6 6. Bf7+ Ke7 7. Bb3 d5 8. c4 dxc4 9. Nxc6+ bxc6 10. Bxc4 Be6 11. Bxe6 Kxe6 12. Nc3 Bd6 13. Bg5 Re8 14. 0-0 Kf7 15. Re1 Rb8 16. Bxf6 Qxf6 17. b3 Rb4 18. Qh5+ Qg6 19. Qxg6+ Kxg6 20. Rad1 c5 21. dxc5 Bxc5 22. Nd5 Rb7 23. Rc1 Bd4 24. Rc6+ Kf7 25. Rd1 e3 26. Nxe3 Bxe3 27. Rd7+ Re7 28. Rxe7+ Kxe7 29. fxe3 Kd7 30. Ra6 c6 31. Kf2 Kd6 32. Ke2 Re7 33. Kd3 Kc5 34. Ra4 Rf7 35. Rc4+ Kd5 36. Rf4 Re7 37. Rf5+ Kd6 38. e4 g6 39. Ra5 Rf7 40. Ke3 h6 41. h4 Ke6 42. g4 Rf1 43. Rxa7 Rh1 44. Rc7 Rxh4 45. Rxc6+ Ke5 46. Rxg6 Rh3+ 47. Kd2 Kd4 48. Rd6+ Kxe4 49. Ra6 Kd4 50. Ra4+ Kd5 51. Kc2 Kc5 52. Kb2 Rh2+ 53. Ka3 Kb6 54. Rf4 Ka5 55. Rf5+ Kb6 56. Rh5 Rg2 57. Rxh6+ Kb5 58. Rh5+ Kb6 59. Rg5 Ka6 60. b4 Kb6 61. Kb3 Ka6 62. a4 1-0

[Event "Subotica-ch"]
[Site "Subotica"]
[Date "2013.05.24"]
[Round "6"]
[White "Pardic, Oliver"]
[Black "Bicskei, Mihaly"]
[Result "1-0"]
[WhiteElo "2237"]
[BlackElo "1880"]
[PlyCount "159"]
[EventDate "2013.05.13"]
[EventType "swiss"]
[EventRounds "9"]
[EventCountry "SRB"]
[SourceTitle "CBM 154 Extra"]
[Source "ChessBase"]
[SourceDate "2013.06.25"]
[SourceVersion "2"]
[SourceVersionDate "2013.06.25"]
[SourceQuality "1"]

1. c4 Nf6 2. Nc3 g6 3. e4 d6 4. f4 Bg7 5. Nf3 c5 6. Be2 Nc6 7. 0-0 0-0 8. d3 Nd4 9. Kh1 b6 10. Be3 Ng4 11. Bg1 Nxe2 12. Qxe2 Bb7 13. d4 cxd4 14. Nxd4 Qd7 15. f5 Ne5 16. Be3 Rac8 17. b3 Nc6 18. Rad1 Nxd4 19. Bxd4 Bxd4 20. Rxd4 Rc5 21. e5 Qc8 22. exd6 exd6 23. fxg6 hxg6 24. Rxd6 Rg5 25. Ne4 Bxe4 26. Qxe4 Re8 27. Qd3 Qg4 28. g3 Rge5 29. Rd8 Kg7 30. Rxe8 Rxe8 31. Qc3+ Kg8 32. Qf6 Qe4+ 33. Kg1 Qe3+ 34. Qf2 Qe6 35. Rd1 Qg4 36. Rf1 Qe6 37. Qd4 Re7 38. Rf2 Rd7 39. Qf4 Qh3 40. Rd2 Re7 41. Rd8+ Kg7 42. Qd4+ f6 43. Qf2 Qg4 44. Rd6 Qg5 45. Qd2 Qe5 46. Rd5 Qe6 47. b4 Qe1+ 48. Qxe1 Rxe1+ 49. Kf2 Rc1 50. Rd7+ Kh6 51. Rxa7 Rxc4 52. a3 Kg5 53. Rd7 Rc3 54. Rd6 Rxa3 55. h4+ Kf5 56. Rxb6 Rb3 57. Kg2 Ke5 58. Rb8 Rb2+ 59. Kh3 g5 60. Rb5+ Ke6 61. hxg5 fxg5 62. Kg4 Rb3 63. Rb7 Kf6 64. b5 Rb4+ 65. Kh5 Rb3 66. Rb6+ Kf5 67. g4+ Kf4 68. Rf6+ Kg3 69. Rf5 Rb4 70. Rxg5 Kh3 71. Kg6 Kh4 72. Rf5 Kxg4 73. Kf6 Rb1 74. Ke6 Rb2 75. Re5 Kf4 76. Kd6 Rb1 77. Rd5 Ke4 78. Rh5 Rb2 79. Kc6 Rg2 80. b6 1-0

[Event "Subotica-ch"]
[Site "Subotica"]
[Date "2013.05.13"]
[Round "1"]
[White "Takacs, Tibor"]
[Black "Pardic, Oliver"]
[Result "1/2-1/2"]
[WhiteElo "1961"]
[BlackElo "2237"]
[PlyCount "155"]
[EventDate "2013.05.13"]
[EventType "swiss"]
[EventRounds "9"]
[EventCountry "SRB"]
[SourceTitle "CBM 154 Extra"]
[Source "ChessBase"]
[SourceDate "2013.06.25"]
[SourceVersion "2"]
[SourceVersionDate "2013.06.25"]
[SourceQuality "1"]

1. e4 d5 2. exd5 Qxd5 3. d4 Nc6 4. Nf3 e5 5. c4 Bb4+ 6. Nc3 Qe4+ 7. Be3 exd4 8. Nxd4 Nf6 9. Be2 Bg4 10. Bxg4 Nxg4 11. 0-0 Bxc3 12. Nxc6 bxc6 13. bxc3 Nxe3 14. fxe3 Rd8 15. Qe2 Rd3 16. Rae1 Qxc4 17. Rf4 Qxc3 18. Re4+ Kf8 19. Rf1 f6 20. Qg4 Rd8 21. Qe6 Ra8 22. Qe7+ Kg8 23. Rg4 g6 24. Rd4 Rf8 25. Qe6+ Kg7 26. Rd7+ Kh6 27. Qh3+ Kg5 28. Rd4 h5 29. Qg3+ Kh6 30. h4 Rf7 31. Qf4+ Kg7 32. Rfd1 Re8 33. e4 Rfe7 34. Rd7 Qc5+ 35. Kh1 Qe5 36. g3 Qxf4 37. gxf4 Kf7 38. Kg2 Rxd7 39. Rxd7+ Re7 40. Rd4 Ke6 41. Kf3 c5 42. Rd5 Rd7 43. Rxc5 Rd3+ 44. Ke2 Ra3 45. Rc6+ Kd7 46. Rxf6 Rxa2+ 47. Kd3 Ra3+ 48. Kd4 Ra4+ 49. Ke3 Ra3+ 50. Ke2 Rh3 51. Rxg6 Rxh4 52. Ke3 a5 53. Ra6 c5 54. e5 Rh1 55. Ke4 h4 56. Rxa5 h3 57. Kf5 Rg1 58. Ra7+ Kc6 59. Rh7 Rg3 60. Ke6 c4 61. Rh8 c3 62. f5 Kc7 63. f6 c2 64. Rh7+ Kb6 65. f7 c1Q 66. f8Q Qc4+ 67. Ke7 Qc7+ 68. Ke8 Qxh7 69. Qf2+ Kc7 70. Qxg3 h2 71. e6+ Kb6 72. Qb8+ Kc5 73. Qc8+ Kb4 74. Qb8+ Kc5 75. Qc8+ Kb4 76. Qb8+ Kc5 77. Qc8+ Kb4 78. Qb8+ 1/2-1/2

[Event "Subotica-ch"]
[Site "Subotica"]
[Date "2012.05.21"]
[Round "7"]
[White "Guzsvany, Arpad"]
[Black "Pardic, Oliver"]
[Result "1/2-1/2"]
[WhiteElo "2200"]
[BlackElo "2232"]
[PlyCount "89"]
[EventDate "2012.05.07"]
[EventType "swiss"]
[EventRounds "9"]
[EventCountry "SRB"]
[SourceTitle "CBM 148 Extra"]
[Source "ChessBase"]
[SourceDate "2012.06.22"]
[SourceVersion "1"]
[SourceVersionDate "2012.06.22"]
[SourceQuality "1"]

1. d4 e6 2. c4 f5 3. Nf3 Nf6 4. g3 Be7 5. Bg2 d6 6. 0-0 0-0 7. Nc3 Qe8 8. Qd3 Qh5 9. e4 e5 10. dxe5 dxe5 11. Nd5 fxe4 12. Nxe7+ Kh8 13. Qa3 exf3 14. Ng6+ hxg6 15. Qxf8+ Kh7 16. Qxc8 fxg2 17. Kxg2 Nc6 18. Qh3 Nd4 19. Qxh5+ gxh5 20. c5 Kg6 21. Be3 Ne6 22. f4 exf4 23. Bxf4 Nd5 24. Rae1 Ndxf4+ 25. gxf4 Kf6 26. c6 bxc6 27. f5 Nd4 28. Re4 Nxf5 29. Rc4 Kg5 30. Kh3 Rd8 31. Rg1+ Kf6 32. Rxc6+ Ke5 33. Rc5+ Kf6 34. Rc6+ Ke5 35. Re1+ Kf4 36. Rc4+ Kg5 37. Re2 Rd3+ 38. Kg2 Ne3+ 39. Rxe3 Rxe3 40. Rxc7 Re2+ 41. Kf3 Rxb2 42. Rxg7+ Kf6 43. Rxa7 Rxh2 44. a4 Ke5 45. a5 1/2-1/2

[Event "Subotica-ch"]
[Site "Subotica"]
[Date "2011.03.11"]
[Round "9"]
[White "Jesenski, Tibor"]
[Black "Pardic, Oliver"]
[Result "1/2-1/2"]
[WhiteElo "2314"]
[BlackElo "2217"]
[PlyCount "22"]
[EventDate "2011.02.21"]
[EventType "swiss"]
[EventRounds "9"]
[EventCountry "SRB"]
[SourceTitle "CBM 141 Extra"]
[Source "ChessBase"]
[SourceDate "2011.05.03"]
[SourceVersion "1"]
[SourceVersionDate "2011.05.03"]
[SourceQuality "1"]

1. Nf3 Nf6 2. d4 d5 3. b3 e6 4. Bb2 c5 5. e3 Nc6 6. Be2 Be7 7. 0-0 0-0 8. Nbd2 a6 9. c4 cxd4 10. exd4 b6 11. Re1 Bb7 1/2-1/2

[Event "Subotica-ch"]
[Site "Subotica"]
[Date "2011.03.09"]
[Round "8"]
[White "Pardic, Oliver"]
[Black "Kumic, Filip"]
[Result "1-0"]
[WhiteElo "2217"]
[BlackElo "2043"]
[PlyCount "45"]
[EventDate "2011.02.21"]
[EventType "swiss"]
[EventRounds "9"]
[EventCountry "SRB"]
[SourceTitle "CBM 141 Extra"]
[Source "ChessBase"]
[SourceDate "2011.05.03"]
[SourceVersion "1"]
[SourceVersionDate "2011.05.03"]
[SourceQuality "1"]

1. Nc3 d5 2. d4 Nf6 3. Bg5 g6 4. f3 h6 5. Bh4 g5 6. Bg3 Bf5 7. e4 Bg6 8. Bd3 c6 9. Nge2 e6 10. exd5 exd5 11. Bxg6 fxg6 12. h4 Nh5 13. Be5 Bg7 14. Qd3 Kf7 15. g4 Nf6 16. h5 gxh5 17. gxh5 Nbd7 18. f4 Qe8 19. 0-0-0 gxf4 20. Rdg1 Rg8 21. Bxf4 Nf8 22. Ng3 Ne6 23. Be5 1-0

[Event "Subotica-ch"]
[Site "Subotica"]
[Date "2010.03.05"]
[Round "8"]
[White "Pacal, Mihaly"]
[Black "Pardic, Oliver"]
[Result "0-1"]
[WhiteElo "2168"]
[BlackElo "2212"]
[PlyCount "50"]
[EventDate "2010.02.17"]
[EventType "swiss"]
[EventRounds "9"]
[EventCountry "SRB"]
[SourceTitle "EXT 2019"]
[Source "ChessBase"]
[SourceDate "2018.10.10"]
[SourceVersion "1"]
[SourceVersionDate "2018.10.10"]
[SourceQuality "1"]

1. e4 d5 2. exd5 Qxd5 3. Nc3 Qa5 4. d4 e5 5. Nf3 Bg4 6. Be2 Nc6 7. Nxe5 Bxe2 8. Nxc6 Qxc3+ 9. Kxe2 Qxc6 10. Be3 Qxg2 11. Qd3 0-0-0 12. Rhg1 Qc6 13. a4 Nf6 14. a5 Nd5 15. a6 b6 16. c3 g6 17. Kd2 Nxe3 18. fxe3 f5 19. Rae1 Bh6 20. Kd1 Qa4+ 21. Kc1 Rhe8 22. Kb1 Re4 23. Qf1 Rde8 24. Qf3 Qxa6 25. Qh3 Qd3+ 0-1

[Event "Subotica-ch"]
[Site "Subotica"]
[Date "2010.02.24"]
[Round "4"]
[White "Pardic, Oliver"]
[Black "Vucelic, Rade"]
[Result "1-0"]
[WhiteElo "2212"]
[BlackElo "2024"]
[PlyCount "107"]
[EventDate "2010.02.17"]
[EventType "swiss"]
[EventRounds "9"]
[EventCountry "SRB"]
[SourceTitle "EXT 2019"]
[Source "ChessBase"]
[SourceDate "2018.10.10"]
[SourceVersion "1"]
[SourceVersionDate "2018.10.10"]
[SourceQuality "1"]

1. d4 Nf6 2. Nc3 e6 3. e4 Bb4 4. Bd3 d6 5. Nf3 h6 6. 0-0 Bxc3 7. bxc3 Nbd7 8. e5 dxe5 9. dxe5 Nd5 10. c4 Nb4 11. Be4 Nc5 12. Qe2 Nxe4 13. Qxe4 c5 14. Be3 Qc7 15. a3 Na6 16. Rab1 Rb8 17. Rfd1 Bd7 18. Qg4 g6 19. Qh4 Bc6 20. Bxh6 Bxf3 21. gxf3 b6 22. Qf4 Rd8 23. Rxd8+ Qxd8 24. Bg5 Qd7 25. Qf6 Rh5 26. Rb3 Rxg5+ 27. Qxg5 Qd1+ 28. Kg2 Qxc2 29. Re3 Qxc4 30. Re4 Qd5 31. Rh4 Kd7 32. Qf6 Kc6 33. Qxf7 Qxe5 34. Qe8+ Kb7 35. Qxg6 Nc7 36. Re4 Qd5 37. h4 c4 38. Qg5 c3 39. Qg7 Qc6 40. h5 c2 41. Re1 c1Q 42. Rxc1 Qxc1 43. h6 Ka6 44. h7 Nd5 45. h8Q Nf4+ 46. Kh2 Nd5 47. Qd4 Qc7+ 48. Qde5 Qc6 49. Qh6 Nc7 50. Qhf4 Kb7 51. Qfe4 Qxe4 52. fxe4 b5 53. Qc5 a6 54. f4 1-0

[Event "Subotica-ch"]
[Site "Subotica"]
[Date "2010.02.22"]
[Round "3"]
[White "Kumic, Filip"]
[Black "Pardic, Oliver"]
[Result "1/2-1/2"]
[WhiteElo "1969"]
[BlackElo "2212"]
[PlyCount "21"]
[EventDate "2010.02.17"]
[EventType "swiss"]
[EventRounds "9"]
[EventCountry "SRB"]
[SourceTitle "EXT 2019"]
[Source "ChessBase"]
[SourceDate "2018.10.10"]
[SourceVersion "1"]
[SourceVersionDate "2018.10.10"]
[SourceQuality "1"]

1. d4 Nc6 2. c4 e5 3. d5 Nce7 4. e4 Ng6 5. Nf3 Bc5 6. Nc3 d6 7. Bd3 Nf6 8. 0-0 0-0 9. Na4 Bb6 10. Nxb6 axb6 11. Ne1 1/2-1/2

[Event "Subotica-ch"]
[Site "Subotica"]
[Date "2010.02.17"]
[Round "1"]
[White "Juhasz, Jeno"]
[Black "Pardic, Oliver"]
[Result "1/2-1/2"]
[WhiteElo "1986"]
[BlackElo "2212"]
[PlyCount "110"]
[EventDate "2010.02.17"]
[EventType "swiss"]
[EventRounds "9"]
[EventCountry "SRB"]
[SourceTitle "EXT 2019"]
[Source "ChessBase"]
[SourceDate "2018.10.10"]
[SourceVersion "1"]
[SourceVersionDate "2018.10.10"]
[SourceQuality "1"]

1. d4 d5 2. c4 Bf5 3. Nc3 e6 4. Nf3 Nc6 5. a3 Nf6 6. Bg5 Be7 7. e3 0-0 8. Bxf6 Bxf6 9. cxd5 exd5 10. Qb3 Na5 11. Qxd5 Qxd5 12. Nxd5 Nb3 13. Nxf6+ gxf6 14. Rd1 Bc2 15. Bc4 Bxd1 16. Kxd1 Na5 17. Ba2 Rad8 18. Kc1 Nc6 19. Rd1 Ne7 20. Nd2 Nd5 21. Ne4 Kg7 22. Rd2 f5 23. Nc5 b6 24. Nd3 Ne7 25. Nf4 Rd6 26. b4 c6 27. Rc2 Rfd8 28. g3 Ra8 29. Kb2 a5 30. b5 cxb5 31. Rc7 Kf8 32. Rc2 Rc8 33. Re2 Ke8 34. Bb3 Ng6 35. Nd3 Rdc6 36. h4 Rc3 37. Rd2 R3c7 38. d5 Rd7 39. h5 Ne7 40. Ne5 Rd6 41. f3 f6 42. Nd3 Kd7 43. Nf4 Rg8 44. Rg2 Rg5 45. e4 Kc8 46. g4 fxe4 47. fxe4 Kb8 48. Ne6 Re5 49. Bc2 h6 50. Rf2 Ng8 51. Nd4 b4 52. axb4 axb4 53. Kb3 Rg5 54. Rf4 Ne7 55. Ne6 Rg8 1/2-1/2

[Event "Senta op-B 12th"]
[Site "Senta"]
[Date "2008.07.25"]
[Round "9"]
[White "Pardic, Oliver"]
[Black "Zivkovic, Momcilo"]
[Result "1-0"]
[WhiteElo "2163"]
[BlackElo "2147"]
[PlyCount "101"]
[EventDate "2008.07.18"]
[EventType "swiss"]
[EventRounds "9"]
[EventCountry "YUG"]
[SourceTitle "CBM 125 Extra"]
[Source "ChessBase"]
[SourceDate "2008.09.01"]
[SourceVersion "1"]
[SourceVersionDate "2008.09.01"]
[SourceQuality "1"]

1. d4 d5 2. Nf3 Nf6 3. e3 e6 4. Ne5 c6 5. Bd3 Bd6 6. f4 Nbd7 7. Nd2 a5 8. 0-0 g6 9. Qe1 Qe7 10. e4 dxe4 11. Nxe4 Nxe4 12. Bxe4 c5 13. Nxd7 Bxd7 14. Be3 cxd4 15. Bxd4 0-0 16. Bxb7 Rab8 17. Be4 Bc5 18. Qe3 Bxd4 19. Qxd4 Rb4 20. c4 Rfb8 21. Rfd1 Be8 22. Rd2 a4 23. a3 Rb3 24. c5 Qc7 25. Bf3 Bc6 26. Bxc6 Qxc6 27. Rad1 Rc8 28. Rc2 Rb7 29. Rc4 h5 30. Rd2 Rcc7 31. Rxa4 Rb8 32. Rc4 Rbb7 33. b4 Rd7 34. Qe3 Rd5 35. Rcd4 Rbd7 36. Rxd5 exd5 37. Qe5 Rd8 38. f5 h4 39. Rd4 Re8 40. Qxd5 Qf6 41. c6 Kg7 42. c7 Re1+ 43. Kf2 Re5 44. c8Q Rxd5 45. Rxd5 Qb2+ 46. Ke3 g5 47. Qc7 Qxg2 48. Qe5+ Kh7 49. f6 Qg1+ 50. Kd3 Qf1+ 51. Kd4 1-0

[Event "Senta op-B 12th"]
[Site "Senta"]
[Date "2008.07.23"]
[Round "7"]
[White "Pardic, Oliver"]
[Black "Novak, Tamas"]
[Result "1-0"]
[WhiteElo "2163"]
[BlackElo "1956"]
[PlyCount "99"]
[EventDate "2008.07.18"]
[EventType "swiss"]
[EventRounds "9"]
[EventCountry "YUG"]
[SourceTitle "CBM 125 Extra"]
[Source "ChessBase"]
[SourceDate "2008.09.01"]
[SourceVersion "1"]
[SourceVersionDate "2008.09.01"]
[SourceQuality "1"]

1. Nc3 d5 2. d4 Nf6 3. Bg5 e6 4. e4 dxe4 5. Nxe4 Be7 6. Bxf6 Bxf6 7. Nf3 Nd7 8. Bd3 b6 9. Qe2 Bb7 10. 0-0-0 0-0 11. h4 Qe7 12. g4 Qb4 13. g5 Be7 14. Ne5 Nxe5 15. dxe5 Bxe4 16. Bxe4 Rac8 17. f4 Rfd8 18. h5 Rxd1+ 19. Rxd1 Rd8 20. Rxd8+ Bxd8 21. c3 Qa4 22. Bxh7+ Kf8 23. Qd2 Be7 24. a3 Qc6 25. Qe2 b5 26. Be4 Qc5 27. Kc2 a5 28. b4 axb4 29. axb4 Qb6 30. Bd3 c5 31. bxc5 Qxc5 32. Bxb5 Qa3 33. Qc4 Qa8 34. Bc6 Qa7 35. Qa4 Qxa4+ 36. Bxa4 Bc5 37. Kd3 Ke7 38. Ke4 Bb6 39. h6 gxh6 40. gxh6 Kf8 41. Be8 Bd8 42. h7 f5+ 43. Kd4 Kg7 44. c4 Kxh7 45. Bd7 Kg6 46. Bxe6 Bh4 47. c5 Bf2+ 48. Kd5 Be3 49. c6 Bb6 50. Kd6 1-0

[Event "Senta op-B 12th"]
[Site "Senta"]
[Date "2008.07.22"]
[Round "6"]
[White "Osvath, Zoltan"]
[Black "Pardic, Oliver"]
[Result "1/2-1/2"]
[WhiteElo "1945"]
[BlackElo "2163"]
[PlyCount "34"]
[EventDate "2008.07.18"]
[EventType "swiss"]
[EventRounds "9"]
[EventCountry "YUG"]
[SourceTitle "CBM 125 Extra"]
[Source "ChessBase"]
[SourceDate "2008.09.01"]
[SourceVersion "1"]
[SourceVersionDate "2008.09.01"]
[SourceQuality "1"]

1. d4 d5 2. c4 Bf5 3. Nc3 e6 4. Nf3 Nc6 5. a3 Nf6 6. Bg5 Be7 7. e3 0-0 8. h3 h6 9. Bh4 Re8 10. Bd3 dxc4 11. Bxc4 Ne4 12. Bxe7 Qxe7 13. 0-0 Nd6 14. Bd3 Rad8 15. Bxf5 Nxf5 16. Qc2 Qf6 17. Rad1 Kh8 1/2-1/2